Wings of Fire Book One - Statistics

General Stats
  • This quiz has been taken 47 times
  • The average score is 8 of 9
Answer Stats
Question Answer % Correct
Who are the five dragonets? Clay, Sunny, Tsunami, Glory, Starflight
97%
What is the name of the queen who captures them? Queen Scarlet
97%
What Tribe is Glory From? Rainwings
97%
Who are the 3 sandwing queens in the war? Blister, Blaze, and Burn
95%
Who does Clay fight in Scarlet's arena? Fjord
92%
Which 2 tribes are aligned with Blaze? Icewings and Sandwings
92%
Which 2 are aligned with Burn? Skywings and Mudwings
92%
And who works with Blister? Seawings and Nightwings
73%
Hoped you liked my quiz! Please comment any quizzes you'd like to have me make!
59%
No matching quizzes found
Score Distribution
Percent of People with Each Score
Percentile by Number Answered
Your Score History
You have not taken this quiz